Quellouno : (Record no. 23435)

000 -CABECERA
fixed length control field 01230nam a22002777a 4500
003 - IDENTIFICADOR DEL NÚMERO DE CONTROL
control field AR-CdUCM
008 - DATOS DE LONGITUD FIJA--INFORMACIÓN GENERAL
fixed length control field 260108b2024 spa||||| |||| 00| 0 eng d
040 ## - FUENTE DE LA CATALOGACIÓN
Agencia/entidad que catalogó originalmente la obra MUNICIPALIDAD PROVINCIAL DEL CUSCO
Entidad que transcribió la catalogación BIBLIOTECA MUNICIPAL DEL CUSCO
082 ## - NÚMERO DE LA CLASIFICACIÓN DECIMAL DEWEY
No. de Clasificación 985.61 /
Notacion interna M95
100 ## - ENTRADA PRINCIPAL--NOMBRE DE PERSONA
Nombre Personal Municipalidad Distrital de Quellouno
245 ## - MENCIÓN DE TÍTULO
Título Quellouno :
Resto del título Pueblos originarios y su cultura /
260 ## - PUBLICACIÓN, DISTRIBUCIÓN, ETC.
Lugar de publicación, distribución, etc. Cusco
Nombre de la editorial, distribuidor, etc. Municipalidad Distrital de Quellouno.
Fecha de publicación, distribución, etc. 2024
300 ## - DESCRIPCIÓN FÍSICA
Nº de Páginas Extensión 223 Páginas. :
Dimensiones 15 x 21cm.
500 ## - NOTA GENERAL
Bibliografía Páginas 222 - 223
505 ## - NOTA DE CONTENIDO CON FORMATO
Nota de contenido formateada Aspectos Generales del Distrito Quellouno -- Comunidades Nativas -- Chirumbia -- Yokiri -- Contenido Histórico -- Antisuyo Prehispánico -- El proceso colonial -- Pueblos Originarios -- Familias de la amazonia cusqueña -- Cosmovisión -- Caza -- Contexto Histórico -- El proceso colonial....
650 ## - PUNTO DE ACCESO ADICIONAL DE MATERIA--TÉRMINO DE MATERIA
Descriptor Datos generales
9 (RLIN) 51941
650 ## - PUNTO DE ACCESO ADICIONAL DE MATERIA--TÉRMINO DE MATERIA
Descriptor División Política y administrativa
9 (RLIN) 51942
650 ## - PUNTO DE ACCESO ADICIONAL DE MATERIA--TÉRMINO DE MATERIA
Descriptor Cambios y continuidad
9 (RLIN) 51943
650 ## - PUNTO DE ACCESO ADICIONAL DE MATERIA--TÉRMINO DE MATERIA
Descriptor Geografía y simbolismo
9 (RLIN) 51944
650 ## - PUNTO DE ACCESO ADICIONAL DE MATERIA--TÉRMINO DE MATERIA
Descriptor Fiestas tradicionales
9 (RLIN) 51945
650 ## - PUNTO DE ACCESO ADICIONAL DE MATERIA--TÉRMINO DE MATERIA
Descriptor Medicina tradicional
9 (RLIN) 51946
650 ## - PUNTO DE ACCESO ADICIONAL DE MATERIA--TÉRMINO DE MATERIA
Descriptor Textilería Matsigenka
9 (RLIN) 51947
942 ## - ELEMENTOS DE PUNTO DE ACCESO ADICIONAL (KOHA)
Fuente de clasificación
Tipo de item Libros-BMC
945 ## - PROCESAMIENTO DE INFORMACIÓN LOCAL (OCLC)
Catalogador jmcs
AAAA-MM-DD - Fecha de ingreso o modificacion 31/12/2025

No items available.

Powered by Koha